Can you name all tier 100 battlepass skins? - Statistics

General Stats
  • This quiz has been taken 11 times
  • The average score is 18 of 31
Answer Stats
Hint Answer % Correct
Season 2 Black Knight
100%
Season 6 Dire
89%
C2 S2 Midas
89%
Season 4 Omega
89%
Season 5 Ragnarok
89%
Season 3 The Reaper
89%
Season 7 The Ice King
78%
C2 S4 Tony Stark
78%
C2 S8 Carnage
67%
C2 S1 Fusion
67%
Season 8 Luxe
67%
OG #1 Omegarok
67%
C4 S3 Optimus Prime
67%
Season X Ultima Knight
67%
Season 9 Vendetta
67%
C3 S3 Darth Vader
56%
C2 S3 Eternal Knight
56%
C5 S3 Megalo Don
56%
OG #2 Meowdas
56%
C4 S2 Mizuki
56%
C2 S7 Rick Sanchez
56%
C3 S1 Spider Man
56%
C4 S1 The Ageless
56%
C2 S5 The Mandalorian
56%
C3 S2 Doctor Strange
44%
C3 S4 Spider Gwen
44%
C2 S6 Spire Assassin
44%
C5 S2 Zeus
22%
C5 S1 Peter Griffin
11%
C4 S4 Ahsoka Tano
0%
C5 S4 Zhuri
0%
No matching quizzes found
Score Distribution
Percent of People with Each Score
Percentile by Number Answered
Your Score History
You have not taken this quiz